000 00583nam a2200193Ia 4500
003 IN-BaIIA
008 211028s9999 xx 000 0 eng d
020 _a90-277-1275-1
040 _cIIA Library
080 _a523.9
_bSOL
100 _aBonnet, Roger M
_912171
245 0 _aSolar phenomena in stars and stellar systems
_cRoger M Bonnet
260 _aDordrecht
_bD. Reidel Publishing
_c1981
300 _ax, 591p.
650 _aAstronomy and astrophysics thesaurus
650 _aSun
_91200
650 _aSun stars
_912172
942 _cBK
999 _c7104
_d7104